| 000 | 00480nam a22001697a 4500 | ||
|---|---|---|---|
| 005 | 20240606141603.0 | ||
| 008 | 240606b |||||||| |||| 00| 0 eng d | ||
| 020 | _a9781617293313 | ||
| 082 |
_a006.76 _bWIK-A |
||
| 100 | _a Wilken,Jeremy | ||
| 245 |
_aAngular in Action / _cJeremy Wilken |
||
| 260 |
_aIndia: _bPearson; _c2018. |
||
| 300 |
_a300 p. : _bill; _c23 cm. |
||
| 500 | _ainclude index. | ||
| 650 | _acomputer science/ web operating system | ||
| 999 |
_c35859 _d35859 |
||